01862 2200349 4500001002100000005001500021035002000036006001800056007000300074008004100077040002200118100006700140245007700207250002900284300002900313020002200342082001600364084002200380264004100402336002100443337003000464338002300494520081000517650004001327650002101367700003201388850001201420990002001432990002001452990002001472990002001492INLIS00000000069467520221229084642 a0010-1222000072a g 000 jta221229 0  aJIPUBAYbinderda0 aAkmal Nasery BasralePengarangeAkmal Nasery BasralePengarang1 aPutik safron di sayap Izrail dan kisah-kisah lain /cAkmal Nasery Basral aCetakan I, November 2020 aiv, 266 halaman ;c20 cm a978-623-279-091-9 a899.221 301 a899.221 301 AKM p aJakarta :bRepublika Penerbit,c2020 2rdacontentateks 2rdamediaatanpa perantara 2rdacarrieravolume aPutik Safron di Sayap Izrail yang terdiri dari 10 cerpen ini menunjukkan keragaman tema yang menggoda. Dari kisah seorang anak yang lahir di Minangkabau dan mendapat nama aneh dari orangtuanya, sampai kisah warga Korea Selatan yang berpihak pada rakyat Indonesia pada era pergerakan. Dari tragedi kehidupan seorang penyiar televisi yang juga seorang balerina, hingga kisah merbot tua yang tak kenal lelah di era pandemi yang menggila. Akmal Nasery Basral menyajikan pelbagai sketsa kehidupan mutakhir di era post-truth yang riuh, membanjirnya kabar palsu (hoax) akibat hegemoni media sosial, bencana alam bertubi- tubi, adiksi pada kesenangan badani dan ambisi duniawi, kondisi politik yang merusak kehangatan hubungan dalam keluarga, dan pemahaman agama yang terlepas dari konteks sosial di tengah wabah. 4aCerita pendek Indonesia--xKumpulan 4aKisah inspiratif0 aTriana RahmawatiePengarang aJIPUBAY a202200103067275 a202200103067274 a202200103067273 a202200103067272